Library Banner

Roos : MISc ./ (Record no. 102133)

MARC details
000 -LEADER
fixed length control field 00366nam a22001457a 4500
005 - DATE AND TIME OF LATEST TRANSACTION
control field 20180124152313.0
008 - FIXED-LENGTH DATA ELEMENTS--GENERAL INFORMATION
fixed length control field 180124b xxu||||| |||| 00| 0 eng d
040 ## - CATALOGING SOURCE
Transcribing agency PK-LaUMT
082 ## - DEWEY DECIMAL CLASSIFICATION NUMBER
Classification number PKAC 297.0947
Item number USM-R
100 ## - MAIN ENTRY--PERSONAL NAME
Personal name Usmani
245 ## - TITLE STATEMENT
Title Roos : MISc ./
Statement of responsibility, etc ش ، ن Usmani
260 ## - PUBLICATION, DISTRIBUTION, ETC. (IMPRINT)
Place of publication, distribution, etc لاہور:
Name of publisher, distributor, etc دارالفکر،
Date of publication, distribution, etc 1969
300 ## - PHYSICAL DESCRIPTION
Extent 36
942 ## - ADDED ENTRY ELEMENTS (KOHA)
Koha item type Books
Holdings
Withdrawn status Lost status Damaged status Home library Current library Date acquired Full call number Barcode Date last seen Price effective from Koha item type
      UMT Main Campus UMT Main Campus 2018-01-24 PKAC 297.0947 USM-R 117985 2018-01-24 2018-01-24 Books